Normal view MARC view

Entry Geographic Name

Number of records used in: 2

001 - CONTROL NUMBER

  • control field: 35002

003 - CONTROL NUMBER IDENTIFIER

  • control field: dpl

005 - DATE AND TIME OF LATEST TRANSACTION

  • control field: 20110928165842.0

008 - FIXED-LENGTH DATA ELEMENTS

  • fixed length control field: 110928|||a|||||| | ||| d

040 ## - CATALOGING SOURCE

  • Original cataloging agency: dpl
  • Transcribing agency: dpl

151 ## - HEADING--GEOGRAPHIC NAME

  • Geographic name: India
  • General subdivision: Relations
  • Geographic subdivision: Pakistan.

670 ## - SOURCE DATA FOUND

  • Source citation: Work cat.: (dpl)34878: The great divide :, 2009

670 ## - SOURCE DATA FOUND

  • Source citation: Work cat.: (dpl)34878: The great divide :, 2009

© Delhi Public Library
Hit Counter
free hit counter